Smíšené koncerny: Přinese diversifikace strategickou výhodu?

Zmiešané koncerny - konglomeráty (napr. výroba áut, varenie piva, obchodovanie ap.) sú v súčasnosti v módnom kurze manažmentu. Úspešné konglomeráty sa koncentrujú len na 3-4 obchodné oblasti. Zmiešané koncerny v Nemecku. (Wirtschafts Woche, 1992, č. 4, s.52-56.).

Gespeichert in:
Bibliographische Detailangaben
Format: Buchkapitel
Sprache:Tschechisch
Schlagworte:
Tags: Tag hinzufügen
Keine Tags, Fügen Sie das erste Tag hinzu!

MARC

LEADER 00000naa a2200000 4500
001 r012522
005 20220826093746.1
041 0 |a cze 
044 |a CZ 
245 1 0 |a Smíšené koncerny: Přinese diversifikace strategickou výhodu? 
520 |a Zmiešané koncerny - konglomeráty (napr. výroba áut, varenie piva, obchodovanie ap.) sú v súčasnosti v módnom kurze manažmentu. Úspešné konglomeráty sa koncentrujú len na 3-4 obchodné oblasti. Zmiešané koncerny v Nemecku. (Wirtschafts Woche, 1992, č. 4, s.52-56.). 
610 2 0 |a koncerny 
610 2 0 |a konglomeráty 
610 2 0 |a Nemecko 
610 2 0 |a manažment 
610 2 0 |a diverzifikácia